Statistics for Every Parks and Rec Council Man/Woman

Click here to take the quiz!

General Stats

  • This quiz has been taken 12 times
  • The average score is 5 of 9

Answer Stats

HintAnswer% Correct
CouncilmanJeremy Jamm
100%
CouncilmanBill Dexhart
90%
CouncilwomanLeslie Knope
90%
CouncilmanFielding Milton
80%
CouncilmanDouglass Howser
60%
CouncilwomanIngrid de Forest
40%
CouncilmanLarry Pillner
20%
CouncilwomanPaula Horke
10%
CouncilwomanSid Asnov
10%

Score Distribution

Percentile by Number Answered

Percent of People with Each Score

Your Score History

You have not taken this quiz